Andra lok sahitya mein uttarramayana (Record no. 67969)
[ view plain ]
| 000 -LEADER | |
|---|---|
| fixed length control field | 00397nam a2200133 4500 |
| 082 ## - DEWEY DECIMAL CLASSIFICATION NUMBER | |
| Classification number | H |
| Item number | 398.2095484 RED |
| 041 ## - LANGUAGE CODE | |
| Language code of text/sound track or separate title | K |
| 100 ## - MAIN ENTRY--PERSONAL NAME | |
| Personal name | Reddy, I. N. Chandra Shekhar |
| 245 ## - TITLE STATEMENT | |
| Title | Andra lok sahitya mein uttarramayana |
| Statement of responsibility, etc. | by I. N. Chandra Shekhar Reddy |
| 260 ## - PUBLICATION, DISTRIBUTION, ETC. | |
| Place of publication, distribution, etc. | Tirupati |
| Name of publisher, distributor, etc. | I.Reddy Publications |
| Date of publication, distribution, etc. | 1997 |
| 300 ## - PHYSICAL DESCRIPTION | |
| Extent | iv,149p.; 22cm. |
| 650 ## - SUBJECT ADDED ENTRY--TOPICAL TERM | |
| Topical term or geographic name entry element | Ramayana,Telgu |
| 650 ## - SUBJECT ADDED ENTRY--TOPICAL TERM | |
| Topical term or geographic name entry element | Ramayana in telgu folklore |
| Withdrawn status | Lost status | Damaged status | Not for loan | Collection code | Home library | Current library | Date acquired | Total Checkouts | Full call number | Barcode | Date last seen | Price effective from | Koha item type |
|---|---|---|---|---|---|---|---|---|---|---|---|---|---|
| Gifts | North Eastern Hill University | North Eastern Hill University | 25/11/2011 | H 398.2095484 RED | 183784 | 25/11/2011 | 25/11/2011 | Books |
